000 00299nam a2200145Ia 4500
100 _aPavlov/B & Terentyev
650 _aChemistry
942 _cBK
654 _aOrganic
245 _aOrganic Chemistry
260 _bMir Publishers
_c1969
082 _a547
300 _a617
546 _aENGLISH
999 _c23672
_d23672